000 01479nam2a22002531 4500
001 RU\NLR\INFOCOMM10\1000254072
005 20250617110232.0
035 _a(NLR Aleph) 002561528
090 _a3108788
_c3108788
100 _a20040525d1965 |||y0rusy50 ca
101 0 _arus
102 _aRU
105 _ay |||||||||
200 1 _aРасчет трубных досок теплообменных аппаратов на прочность
_fА.Я. Гоголев
210 _d1965
_aБ. м.
461 0 _1001RU\NLR\INFOCOMM10\1000254062
_12001#$aРуководящие указания$fНауч.-произв. об-ние по исслед. и проектированию энерг. оборуд. им. И.И. Ползунова. (НПО ЦКТИ)$v1965, Вып.12
_93108702
_aНаучно-производственное объединение по исследованию и проектированию энергетического оборудования им. И.И. Ползунова (Ленинград)
_cЛенинград
_d1964-
_fНауч.-произв. об-ние по исслед. и проектированию энерг. оборуд. им. И.И. Ползунова. (НПО ЦКТИ)
_tРуководящие указания
_v1965, Вып.12
700 1 _aГоголев
_bА.Я.
_4070
801 1 _aRU
_bInfoComm
_c20040525
801 0 _aRU
_bNLR
_gPSBO
852 _aNLR
_jП11/2394
942 _cISSUE
980 _aNB
980 _aRUSPER